000 00647nam a2200265Ia 4500
005 20260306163600.0
008 008 260114s9999 xx 000 0 eng d
020 _a9781447345350
037 _aEBOOK
040 _aCRL
040 _beng
040 _cCRL
041 _2eng
041 _aeng
084 _qCRL
100 _aInnes, Morgan, Farmer
_91128929
245 0 _aRemote And Rural Dementia Care: Policy, Research And Practice
260 _bThe Policy Press
260 _c2021
650 _aSocial Work
856 _uhttps://academic.oup.com/book/40167
942 _cEBOOK
999 _c1710674
_d1710674